MARC

LEADER 00000nam0a2200000 4500
001 302893
005 20231102001541.0
020 |a RU  |b 83-16868 
035 |a (RuTPU)RU\TPU\book\328110 
090 |a 302893 
100 |a 20150827d1982 m y0rusy5003 ca 
101 0 |a rus 
102 |a RU 
105 |a a j 001zy 
200 1 |a Технологическое проектирование цехов машиностроительных заводов. Проектирование цехов и служб завода  |e учебное пособие  |f Г. В. Панков 
210 |a Уфа  |c Изд-во УАИ  |d 1982 
215 |a 68 с.  |c ил. 
320 |a Библиогр.: с. 67 
606 1 |a Машиностроительные заводы  |x Ремонтное хозяйство  |x Проектирование  |2 stltpush  |3 (RuTPU)RU\TPU\subj\41603  |9 61391 
610 1 |a технологическое проектирование 
610 1 |a механические цеха 
610 1 |a производственная программа 
610 1 |a расчеты 
610 1 |a производственная структура 
610 1 |a сборочные цеха 
610 1 |a вспомогательные цеха 
610 1 |a учебные пособия 
675 |a 621.002:658.58  |v 3 
700 1 |a Панков  |b Г. В.  |g Гений Викторович 
712 0 2 |a Уфимский авиационный институт им. Орджоникидзе  |2 stltpush  |3 (RuTPU)RU\TPU\col\4501  |9 23991 
801 0 |a RU  |b RuMRKP  |c 19950704  |g psbo 
801 1 |a RU  |b 63413507  |c 20150827 
801 2 |a RU  |b 63413507  |c 20190709  |g RCR 
942 |c BK